| 000 | 00749nam a22002055i 4500 | ||
|---|---|---|---|
| 001 | 168995 | ||
| 003 | ES-MaACL | ||
| 005 | 20250718081354.0 | ||
| 008 | 080718s1862 fr |||| | fre d | ||
| 080 | _a782.089.6 | ||
| 100 | 1 |
_aGounod, Charles, _d1818-1893 _9240526 |
|
| 245 | 1 | 3 |
_aLa reine de Saba [ _hmúsica impresa] _b: grand opéra en 5 actes / _cde Jules Barbier et Michel Carré ; par Ch. Gounod. |
| 260 |
_aParis : _bChoudens, _c[1862] |
||
| 300 |
_a1 partitura vocal (254 p.) ; _c29 cm. |
||
| 650 | 1 | 4 |
_aÓperas- _xPartituras vocales. _9137997 |
| 700 | 1 |
_aBarbier, Jules. _925457 |
|
| 700 | 1 |
_aCarré, Michel. _9138040 |
|
| 852 | 4 |
_aES-MaACL _jL-29288 _9R.143677 _zBiblioteca Jacinto Martínez Lacalle |
|
| 999 |
_c168995 _d168995 |
||